| 000 | 00510nam a22001817a 4500 | ||
|---|---|---|---|
| 999 |
_c17029 _d17029 |
||
| 003 | AR-CdUCM | ||
| 008 | 190507b ||||| |||| 00| 0 spa d | ||
| 040 |
_aMUNICIPALIDAD PROVINCIAL DEL CUSCO _cBIBLIOTECA MUNICIPAL DEL CUSCO |
||
| 082 |
_a868.4 / _bI69 |
||
| 100 |
_aIriarte, Tomas de _936843 |
||
| 245 | _aFábulas literarias / | ||
| 260 |
_aMadrid : _bEspasa Calpe, _c1938. |
||
| 300 |
_a167 páginas ; _c18 cm. |
||
| 505 | _aCuentos.. | ||
| 650 |
_aCuentos. _9217 |
||
| 942 |
_2ddc _cLIBROS |
||
| 945 | _awfj | ||